[Event "ODJM A 2024"]
[Site "Willingen GER"]
[Date "2024.05.19"]
[Round "1"]
[White "Gold, Jan Christian"]
[Black "Wübker, Paul-Luca"]
[Result "0-1"]
[Termination "normal"]
[Board "1"]
[WhiteElo "1969"]
[BlackElo "2267"]
[WhiteClock "00:00:34"]
[BlackClock "00:10:11"]
[PlyCount "78"]
[WhiteFideId "16298128"]
[BlackFideId "12939528"]
[EventCountry "GER"]
[EventRounds "9"]
[EventType "swiss"]
[EventDate "2024.05.18"]

1. d4 {[%clk 01:30:02]} {[%emt 00:00:58]} Nf6 {[%clk 01:30:48]} {[%emt
00:00:12]} 2. c4 {[%clk 01:30:25]} {[%emt 00:00:08]} g6 {[%clk 01:31:12]}
{[%emt 00:00:07]} 3. Nc3 {[%clk 01:30:47]} {[%emt 00:00:07]} d5 {[%clk
01:31:33]} {[%emt 00:00:09]} 4. Nf3 {[%clk 01:31:11]} {[%emt 00:00:06]} Bg7
{[%clk 01:31:51]} {[%emt 00:00:12]} 5. Bf4 {[%clk 01:30:58]} {[%emt 00:00:42]}
c6 {[%clk 01:27:47]} {[%emt 00:04:35]} 6. Qb3 {[%clk 01:21:13]} {[%emt
00:10:16]} dxc4 {[%clk 01:19:25]} {[%emt 00:08:51]} 7. Qxc4 {[%clk 01:21:33]}
{[%emt 00:00:10]} Qb6 {[%clk 01:14:54]} {[%emt 00:05:00]} 8. e4 {[%clk
00:47:21]} {[%emt 00:34:43]} O-O {[%clk 01:08:09]} {[%emt 00:07:15]} 9. Na4
{[%clk 00:35:12]} {[%emt 00:12:39]} Qa5+ {[%clk 01:06:28]} {[%emt 00:02:10]}
10. Bd2 {[%clk 00:35:39]} {[%emt 00:00:04]} Qd8 {[%clk 01:05:10]} {[%emt
00:01:48]} 11. Nc3 {[%clk 00:33:47]} {[%emt 00:02:22]} b5 {[%clk 00:58:10]}
{[%emt 00:07:30]} 12. Qd3 {[%clk 00:33:28]} {[%emt 00:00:49]} b4 {[%clk
00:45:01]} {[%emt 00:13:39]} 13. Na4 {[%clk 00:27:19]} {[%emt 00:06:39]} a5
{[%clk 00:45:25]} {[%emt 00:00:06]} 14. Qc2 {[%clk 00:26:24]} {[%emt 00:01:25]}
e5 {[%clk 00:44:25]} {[%emt 00:01:29]} 15. dxe5 {[%clk 00:20:42]} {[%emt
00:06:12]} Ng4 {[%clk 00:44:19]} {[%emt 00:00:36]} 16. Bf4 {[%clk 00:17:24]}
{[%emt 00:03:47]} Re8 {[%clk 00:42:54]} {[%emt 00:01:55]} 17. Bc4 {[%clk
00:16:45]} {[%emt 00:01:10]} Nd7 {[%clk 00:33:13]} 18. Bxf7+ {[%clk 00:16:45]}
Kxf7 {[%clk 00:33:13]} 19. e6+ {[%clk 00:16:45]} Kg8 {[%clk 00:33:13]} 20. exd7
{[%clk 00:16:45]} Bxd7 {[%clk 00:33:13]} 21. O-O {[%clk 00:16:45]} Qe7 {[%clk
00:33:13]} 22. Rad1 {[%clk 00:16:45]} Qxe4 {[%clk 00:33:13]} 23. Qd2 {[%clk
00:16:45]} Be6 {[%clk 00:33:13]} 24. Nb6 {[%clk 00:16:45]} Ra6 {[%clk
00:33:13]} 25. Rfe1 {[%clk 00:16:45]} Qf5 {[%clk 00:33:13]} 26. Nc4 {[%clk
00:16:45]} Rf8 {[%clk 00:33:13]} 27. Nd6 {[%clk 00:16:45]} Qd5 {[%clk
00:33:13]} 28. Qe2 {[%clk 00:16:45]} Qxa2 {[%clk 00:33:13]} 29. Qxa6 {[%clk
00:00:55]} {[%emt 00:56:59]} Rxf4 {[%clk 00:14:08]} {[%emt 00:00:07]} 30. Qxc6
{[%clk 00:01:04]} {[%emt 00:00:21]} Bb3 {[%clk 00:12:21]} {[%emt 00:02:17]} 31.
Re8+ {[%clk 00:01:11]} {[%emt 00:00:23]} Bf8 {[%clk 00:12:34]} {[%emt
00:00:17]} 32. Rd2 {[%clk 00:00:39]} {[%emt 00:01:01]} Nf6 {[%clk 00:11:29]}
{[%emt 00:01:35]} 33. Re1 {[%clk 00:00:38]} {[%emt 00:00:32]} Bd5 {[%clk
00:11:26]} {[%emt 00:00:33]} 34. Qc7 {[%clk 00:00:45]} {[%emt 00:00:23]} Bxf3
{[%clk 00:10:49]} {[%emt 00:01:06]} 35. gxf3 {[%clk 00:01:02]} {[%emt
00:00:13]} Rxf3 {[%clk 00:11:04]} {[%emt 00:00:16]} 36. Qc6 {[%clk 00:00:38]}
{[%emt 00:00:54]} Rf4 {[%clk 00:11:10]} {[%emt 00:00:23]} 37. Red1 {[%emt
00:00:39]} Qb3 {[%clk 00:10:23]} {[%emt 00:01:15]} 38. Rd3 {[%clk 00:00:32]}
{[%emt 00:00:29]} Qxb2 {[%clk 00:09:47]} {[%emt 00:01:06]} 39. Qc4+ {[%clk
00:00:34]} {[%emt 00:00:29]} Rxc4 {[%clk 00:10:11]} {[%emt 00:00:06]} 0-1

[Event "ODJM A 2024"]
[Site "Willingen GER"]
[Date "2024.05.19"]
[Round "1"]
[White "Bilenko, Yaroslav"]
[Black "Schulz, Dennis"]
[Result "1/2-1/2"]
[Termination "normal"]
[Board "2"]
[WhiteElo "2136"]
[BlackElo "1959"]
[WhiteClock "00:28:43"]
[BlackClock "00:32:13"]
[PlyCount "82"]
[WhiteFideId "34120165"]
[BlackFideId "16241231"]
[EventCountry "GER"]
[EventRounds "9"]
[EventType "swiss"]
[EventDate "2024.05.18"]

1. e4 {[%clk 01:30:57]} {[%emt 00:00:03]} e5 {[%clk 01:30:53]} {[%emt
00:00:07]} 2. Nf3 {[%clk 01:31:17]} {[%emt 00:00:09]} Nc6 {[%clk 01:31:17]}
{[%emt 00:00:06]} 3. Bc4 {[%clk 01:31:01]} {[%emt 00:00:46]} Bc5 {[%clk
01:31:05]} {[%emt 00:00:43]} 4. c3 {[%clk 01:30:58]} {[%emt 00:00:33]} Nf6
{[%clk 01:25:58]} {[%emt 00:05:37]} 5. d3 {[%clk 01:30:57]} {[%emt 00:00:31]}
d6 {[%clk 01:20:44]} {[%emt 00:05:44]} 6. O-O {[%clk 01:30:12]} {[%emt
00:01:15]} O-O {[%clk 01:19:44]} {[%emt 00:01:29]} 7. Re1 {[%clk 01:27:31]}
{[%emt 00:03:12]} h6 {[%clk 01:10:09]} {[%emt 00:10:04]} 8. a4 {[%clk
01:26:36]} {[%emt 00:01:25]} a5 {[%clk 01:09:34]} {[%emt 00:01:05]} 9. Nbd2
{[%clk 01:17:32]} {[%emt 00:09:33]} Be6 {[%clk 01:02:37]} {[%emt 00:07:27]} 10.
Qb3 {[%clk 00:56:02]} {[%emt 00:22:01]} Qd7 {[%clk 00:53:52]} {[%emt 00:09:16]}
11. Nf1 {[%clk 00:36:53]} {[%emt 00:19:38]} Rfe8 {[%clk 00:52:21]} {[%emt
00:02:00]} 12. Ng3 {[%clk 00:36:04]} {[%emt 00:01:19]} d5 {[%clk 00:48:03]}
{[%emt 00:04:49]} 13. exd5 {[%clk 00:36:20]} {[%emt 00:00:13]} Bxd5 {[%clk
00:48:19]} {[%emt 00:00:13]} 14. Be3 {[%clk 00:35:11]} {[%emt 00:01:41]} Bxe3
{[%clk 00:46:16]} {[%emt 00:02:34]} 15. Rxe3 {[%clk 00:35:12]} {[%emt
00:00:28]} Bxc4 {[%clk 00:44:44]} {[%emt 00:02:02]} 16. Qxc4 {[%clk 00:34:26]}
{[%emt 00:01:17]} Qd5 {[%clk 00:45:13]} {[%emt 00:00:01]} 17. Qb5 {[%clk
00:28:46]} {[%emt 00:06:10]} b6 {[%clk 00:37:01]} {[%emt 00:08:42]} 18. Rae1
{[%clk 00:22:07]} {[%emt 00:07:09]} Rad8 {[%clk 00:34:36]} {[%emt 00:02:55]}
19. d4 {[%clk 00:20:06]} {[%emt 00:02:31]} Qxb5 {[%clk 00:22:45]} {[%emt
00:12:21]} 20. axb5 {[%clk 00:20:27]} {[%emt 00:00:08]} e4 {[%clk 00:21:53]}
{[%emt 00:01:22]} 21. Nxe4 {[%clk 00:15:15]} {[%emt 00:05:42]} Nxe4 {[%clk
00:21:50]} {[%emt 00:00:33]} 22. Rxe4 {[%clk 00:15:37]} {[%emt 00:00:09]} Rxe4
{[%clk 00:22:17]} {[%emt 00:00:03]} 23. Rxe4 {[%clk 00:16:05]} {[%emt
00:00:02]} Nb8 {[%clk 00:21:46]} {[%emt 00:01:00]} 24. Ne5 {[%clk 00:10:31]}
{[%emt 00:06:04]} f6 {[%clk 00:20:03]} {[%emt 00:02:13]} 25. Nd3 {[%clk
00:07:45]} {[%emt 00:03:16]} Kf7 {[%clk 00:20:24]} {[%emt 00:00:09]} 26. Kf1
{[%clk 00:06:37]} {[%emt 00:01:38]} Nd7 {[%clk 00:18:12]} {[%emt 00:02:43]} 27.
Ke2 {[%clk 00:04:32]} {[%emt 00:02:34]} Nf8 {[%clk 00:17:43]} {[%emt 00:00:59]}
28. f4 {[%clk 00:02:43]} {[%emt 00:02:19]} Ne6 {[%clk 00:17:08]} {[%emt
00:01:04]} 29. Ke3 {[%clk 00:02:08]} {[%emt 00:01:06]} h5 {[%clk 00:13:33]}
{[%emt 00:04:05]} 30. f5 {[%clk 00:00:45]} {[%emt 00:01:54]} Ng5 {[%clk
00:13:21]} {[%emt 00:00:42]} 31. Rf4 {[%clk 00:00:43]} {[%emt 00:00:31]} Re8+
{[%clk 00:13:32]} {[%emt 00:00:20]} 32. Kd2 {[%clk 00:00:42]} {[%emt 00:00:31]}
Ne4+ {[%clk 00:14:00]} {[%emt 00:00:01]} 33. Kc2 {[%clk 00:00:59]} {[%emt
00:00:14]} Nd6 {[%clk 00:14:15]} {[%emt 00:00:15]} 34. Rf2 {[%clk 00:01:19]}
{[%emt 00:00:10]} Nxb5 {[%clk 00:14:22]} {[%emt 00:00:24]} 35. Nf4 {[%clk
00:01:35]} {[%emt 00:00:14]} Nd6 {[%clk 00:13:43]} {[%emt 00:01:09]} 36. Nxh5
{[%clk 00:01:46]} {[%emt 00:00:19]} Re1 {[%clk 00:05:36]} {[%emt 00:08:36]} 37.
Ng3 {[%clk 00:02:04]} {[%emt 00:00:13]} a4 {[%clk 00:05:16]} {[%emt 00:00:50]}
38. Kd3 {[%clk 00:01:08]} {[%emt 00:01:27]} b5 {[%clk 00:05:09]} {[%emt
00:00:37]} 39. Kd2 {[%clk 00:00:47]} {[%emt 00:00:51]} Ra1 {[%clk 00:05:20]}
{[%emt 00:00:18]} 40. Re2 {[%clk 00:00:38]} {[%emt 00:00:39]} Nc4+ {[%clk
00:05:18]} {[%emt 00:00:32]} 41. Kc2 {[%clk 00:28:43]} {[%emt 00:02:25]} Rg1
{[%clk 00:32:13]} {[%emt 00:03:34]} 1/2-1/2

[Event "ODJM A 2024"]
[Site "Willingen GER"]
[Date "2024.05.19"]
[Round "1"]
[White "Longo, Massimo"]
[Black "Sabirov, Rafael"]
[Result "0-1"]
[Termination "normal"]
[Board "3"]
[WhiteElo "1945"]
[BlackElo "2169"]
[WhiteClock "00:04:09"]
[BlackClock "00:09:09"]
[PlyCount "110"]
[WhiteFideId "16205227"]
[BlackFideId "16241185"]
[EventCountry "GER"]
[EventRounds "9"]
[EventType "swiss"]
[EventDate "2024.05.18"]

1. d4 {[%clk 01:30:58]} {[%emt 00:00:01]} d5 {[%clk 01:30:56]} {[%emt
00:00:04]} 2. Nc3 {[%clk 01:31:16]} {[%emt 00:00:12]} Nf6 {[%clk 01:31:21]}
{[%emt 00:00:06]} 3. Bf4 {[%clk 01:31:42]} {[%emt 00:00:04]} c5 {[%clk
01:31:46]} {[%emt 00:00:04]} 4. e3 {[%clk 01:32:06]} {[%emt 00:00:05]} cxd4
{[%clk 01:32:03]} {[%emt 00:00:14]} 5. exd4 {[%clk 01:32:28]} {[%emt 00:00:09]}
Bg4 {[%clk 01:32:25]} {[%emt 00:00:06]} 6. f3 {[%clk 01:30:16]} {[%emt
00:02:42]} Bd7 {[%clk 01:32:19]} {[%emt 00:00:36]} 7. Nb5 {[%clk 01:22:37]}
{[%emt 00:08:10]} Bxb5 {[%clk 01:32:43]} {[%emt 00:00:06]} 8. Bxb5+ {[%clk
01:23:03]} {[%emt 00:00:05]} Nc6 {[%clk 01:33:07]} {[%emt 00:00:06]} 9. c3
{[%clk 01:22:56]} {[%emt 00:00:37]} e6 {[%clk 01:31:18]} {[%emt 00:02:19]} 10.
Qa4 {[%clk 01:12:37]} {[%emt 00:10:49]} Qb6 {[%clk 01:25:09]} {[%emt 00:06:39]}
11. Ne2 {[%clk 01:02:56]} {[%emt 00:10:11]} Be7 {[%clk 01:23:43]} {[%emt
00:01:56]} 12. O-O {[%clk 00:52:39]} {[%emt 00:10:47]} O-O {[%clk 01:21:47]}
{[%emt 00:02:25]} 13. Bxc6 {[%clk 00:48:46]} {[%emt 00:04:25]} bxc6 {[%clk
01:18:11]} {[%emt 00:04:06]} 14. Rab1 {[%clk 00:31:10]} {[%emt 00:18:06]} c5
{[%clk 01:07:38]} {[%emt 00:11:02]} 15. Be3 {[%clk 00:23:50]} {[%emt 00:07:51]}
Rfc8 {[%clk 00:54:39]} {[%emt 00:13:29]} 16. Nc1 {[%clk 00:21:50]} {[%emt
00:02:29]} c4 {[%clk 00:47:23]} {[%emt 00:07:46]} 17. Ne2 {[%clk 00:18:21]}
{[%emt 00:04:00]} Qc6 {[%clk 00:41:51]} {[%emt 00:06:02]} 18. Qc2 {[%clk
00:15:11]} {[%emt 00:03:41]} a5 {[%clk 00:38:33]} {[%emt 00:03:49]} 19. b3
{[%clk 00:14:28]} {[%emt 00:01:12]} cxb3 {[%clk 00:38:12]} {[%emt 00:00:50]}
20. axb3 {[%clk 00:13:38]} {[%emt 00:01:21]} a4 {[%clk 00:37:25]} {[%emt
00:01:17]} 21. bxa4 {[%clk 00:11:07]} {[%emt 00:03:01]} Rxa4 {[%clk 00:35:46]}
{[%emt 00:02:08]} 22. Rb3 {[%clk 00:08:27]} {[%emt 00:03:10]} Ne8 {[%clk
00:31:36]} {[%emt 00:04:40]} 23. Bf4 {[%clk 00:05:35]} {[%emt 00:03:21]} Bd6
{[%clk 00:25:14]} {[%emt 00:06:53]} 24. Qd2 {[%clk 00:04:45]} {[%emt 00:01:21]}
Bxf4 {[%clk 00:24:24]} {[%emt 00:01:20]} 25. Nxf4 {[%clk 00:04:10]} {[%emt
00:01:05]} Nd6 {[%clk 00:22:30]} {[%emt 00:02:24]} 26. Rfb1 {[%clk 00:04:04]}
{[%emt 00:00:37]} Nc4 {[%clk 00:20:45]} {[%emt 00:02:15]} 27. Qe1 {[%clk
00:04:00]} {[%emt 00:00:35]} Ra2 {[%clk 00:19:36]} {[%emt 00:01:39]} 28. Ra1
{[%clk 00:03:38]} {[%emt 00:00:53]} Qa4 {[%clk 00:15:38]} {[%emt 00:04:28]} 29.
Rxa2 {[%clk 00:03:57]} {[%emt 00:00:10]} Qxb3 {[%clk 00:15:16]} {[%emt
00:00:51]} 30. Qa1 {[%clk 00:04:24]} {[%emt 00:00:04]} g6 {[%clk 00:13:51]}
{[%emt 00:01:55]} 31. Nd3 {[%clk 00:03:28]} {[%emt 00:01:26]} Rb8 {[%clk
00:12:27]} {[%emt 00:01:54]} 32. Nb4 {[%clk 00:03:09]} {[%emt 00:00:49]} Kg7
{[%clk 00:11:21]} {[%emt 00:01:36]} 33. h3 {[%clk 00:02:48]} {[%emt 00:00:51]}
Rc8 {[%clk 00:09:04]} {[%emt 00:02:46]} 34. Nd3 {[%clk 00:02:45]} {[%emt
00:00:34]} Rb8 {[%clk 00:08:10]} {[%emt 00:01:24]} 35. Nb4 {[%clk 00:03:10]}
{[%emt 00:00:05]} Nd6 {[%clk 00:06:55]} {[%emt 00:01:45]} 36. Ra6 {[%clk
00:02:57]} {[%emt 00:00:44]} Nb5 {[%clk 00:05:55]} {[%emt 00:01:30]} 37. Nc6
{[%clk 00:02:24]} {[%emt 00:01:02]} Rc8 {[%clk 00:03:56]} {[%emt 00:02:30]} 38.
Rb6 {[%clk 00:02:00]} {[%emt 00:00:54]} Qxc3 {[%clk 00:02:30]} {[%emt
00:01:56]} 39. Qxc3 {[%clk 00:01:50]} {[%emt 00:00:41]} Nxc3 {[%clk 00:02:51]}
{[%emt 00:00:08]} 40. Kf2 {[%clk 00:02:02]} {[%emt 00:00:17]} Na4 {[%clk
00:01:20]} {[%emt 00:02:01]} 41. Ra6 {[%clk 00:01:53]} {[%emt 00:00:39]} Nb2
{[%clk 00:28:44]} {[%emt 00:03:06]} 42. Ke3 {[%clk 00:23:38]} {[%emt 00:08:44]}
h5 {[%clk 00:25:33]} {[%emt 00:03:41]} 43. g4 {[%clk 00:21:53]} {[%emt
00:02:16]} hxg4 {[%clk 00:19:31]} {[%emt 00:06:32]} 44. hxg4 {[%clk 00:22:13]}
{[%emt 00:00:10]} Rc7 {[%clk 00:15:34]} {[%emt 00:04:27]} 45. g5 {[%clk
00:19:37]} {[%emt 00:03:06]} Nc4+ {[%clk 00:15:21]} {[%emt 00:00:44]} 46. Kf4
{[%clk 00:15:42]} {[%emt 00:04:25]} Nd6 {[%clk 00:13:20]} {[%emt 00:02:32]} 47.
Rb6 {[%clk 00:09:56]} {[%emt 00:06:16]} Rb7 {[%clk 00:12:12]} {[%emt 00:01:37]}
48. Rxb7 {[%clk 00:09:09]} {[%emt 00:01:17]} Nxb7 {[%clk 00:12:27]} {[%emt
00:00:15]} 49. Ke5 {[%clk 00:07:26]} {[%emt 00:02:45]} Kf8 {[%clk 00:11:26]}
{[%emt 00:00:59]} 50. Nb8 {[%clk 00:04:32]} {[%emt 00:03:25]} Na5 {[%clk
00:09:14]} {[%emt 00:02:50]} 51. Kf6 {[%clk 00:03:37]} {[%emt 00:12:47]} Nc4
{[%clk 00:08:53]} 52. Nd7+ {[%clk 00:03:50]} Ke8 {[%clk 00:08:51]} 53. Ne5 Nxe5
{[%clk 00:08:54]} 54. Kxe5 {[%clk 00:03:42]} Ke7 {[%clk 00:09:16]} 55. f4
{[%clk 00:04:09]} f6+ {[%clk 00:09:09]} 0-1

[Event "ODJM A 2024"]
[Site "Willingen GER"]
[Date "2024.05.19"]
[Round "1"]
[White "Menzel, Maximilian"]
[Black "Holzwarth, Felix"]
[Result "1-0"]
[Termination "normal"]
[Board "4"]
[WhiteElo "2128"]
[BlackElo "1976"]
[WhiteClock "00:11:11"]
[BlackClock "00:41:38"]
[PlyCount "45"]
[WhiteFideId "34617280"]
[BlackFideId "34621377"]
[EventCountry "GER"]
[EventRounds "9"]
[EventType "swiss"]
[EventDate "2024.05.18"]

1. d4 {[%clk 01:30:52]} {[%emt 00:00:08]} Nf6 {[%clk 01:30:53]} {[%emt
00:00:07]} 2. Nf3 {[%clk 01:31:18]} {[%emt 00:00:04]} g6 {[%clk 01:31:17]}
{[%emt 00:00:06]} 3. g3 {[%clk 01:31:43]} {[%emt 00:00:05]} Bg7 {[%clk
01:31:43]} {[%emt 00:00:04]} 4. Bg2 {[%clk 01:32:10]} {[%emt 00:00:03]} O-O
{[%clk 01:32:06]} {[%emt 00:00:07]} 5. O-O {[%clk 01:32:34]} {[%emt 00:00:06]}
d6 {[%clk 01:32:28]} {[%emt 00:00:08]} 6. b3 {[%clk 01:32:53]} {[%emt
00:00:12]} e5 {[%clk 01:31:20]} {[%emt 00:01:37]} 7. dxe5 {[%clk 01:33:14]}
{[%emt 00:00:09]} dxe5 {[%clk 01:31:01]} {[%emt 00:00:50]} 8. Ba3 {[%clk
01:32:31]} {[%emt 00:01:13]} e4 {[%clk 01:30:42]} {[%emt 00:00:48]} 9. Bxf8
{[%clk 01:25:32]} {[%emt 00:07:30]} Qxf8 {[%clk 01:31:00]} {[%emt 00:00:12]}
10. Nd4 {[%clk 01:20:31]} {[%emt 00:05:31]} e3 {[%clk 01:31:05]} {[%emt
00:00:24]} 11. c3 {[%clk 00:56:34]} {[%emt 00:24:28]} Ng4 {[%clk 01:14:57]}
{[%emt 00:16:38]} 12. f3 {[%clk 00:51:21]} {[%emt 00:05:42]} Nf2 {[%clk
01:06:19]} {[%emt 00:09:08]} 13. Qc1 {[%clk 00:41:44]} {[%emt 00:10:08]} Qe7
{[%clk 00:53:22]} {[%emt 00:13:26]} 14. Nc2 {[%clk 00:26:46]} {[%emt 00:15:29]}
Nh3+ {[%clk 00:53:31]} {[%emt 00:00:21]} 15. Bxh3 {[%clk 00:26:16]} {[%emt
00:00:59]} Bxh3 {[%clk 00:54:00]} {[%emt 00:00:02]} 16. Rd1 {[%clk 00:23:34]}
{[%emt 00:03:13]} Nc6 {[%clk 00:54:06]} {[%emt 00:00:24]} 17. Qxe3 {[%clk
00:21:12]} {[%emt 00:02:52]} Qxe3+ {[%clk 00:54:01]} {[%emt 00:00:35]} 18. Nxe3
{[%clk 00:21:37]} {[%emt 00:00:05]} Re8 {[%clk 00:54:28]} {[%emt 00:00:03]} 19.
Kf2 {[%clk 00:19:51]} {[%emt 00:02:15]} b5 {[%clk 00:52:19]} {[%emt 00:02:40]}
20. Nd2 {[%clk 00:14:15]} {[%emt 00:06:05]} b4 {[%clk 00:49:26]} {[%emt
00:03:24]} 21. Rac1 {[%clk 00:11:31]} {[%emt 00:03:14]} bxc3 {[%clk 00:48:27]}
{[%emt 00:01:29]} 22. Ne4 {[%clk 00:11:04]} {[%emt 00:00:57]} Bd4 {[%clk
00:41:38]} {[%emt 00:07:19]} 23. Rxd4 {[%clk 00:11:11]} {[%emt 00:00:23]} 1-0

[Event "ODJM A 2024"]
[Site "Willingen GER"]
[Date "2024.05.19"]
[Round "1"]
[White "Gröschel, Karoline"]
[Black "Weigand, Anton"]
[Result "1-0"]
[Termination "normal"]
[Board "5"]
[WhiteElo "1952"]
[BlackElo "2091"]
[WhiteClock "00:00:45"]
[BlackClock "00:01:33"]
[PlyCount "77"]
[WhiteFideId "34610537"]
[BlackFideId "16221915"]
[EventCountry "GER"]
[EventRounds "9"]
[EventType "swiss"]
[EventDate "2024.05.18"]

1. e4 {[%clk 01:30:56]} {[%emt 00:00:03]} c5 {[%clk 01:30:50]} {[%emt
00:00:11]} 2. Nf3 {[%clk 01:31:13]} {[%emt 00:00:13]} e6 {[%clk 01:31:11]}
{[%emt 00:00:09]} 3. d4 {[%clk 01:31:38]} {[%emt 00:00:05]} cxd4 {[%clk
01:31:36]} {[%emt 00:00:05]} 4. Nxd4 {[%clk 01:32:04]} {[%emt 00:00:04]} Nf6
{[%clk 01:32:00]} {[%emt 00:00:06]} 5. Nc3 {[%clk 01:32:30]} {[%emt 00:00:05]}
Nc6 {[%clk 01:32:23]} {[%emt 00:00:06]} 6. a3 {[%clk 01:32:28]} {[%emt
00:00:32]} Be7 {[%clk 01:32:09]} {[%emt 00:00:42]} 7. Nxc6 {[%clk 01:32:00]}
{[%emt 00:01:00]} bxc6 {[%clk 01:32:10]} {[%emt 00:00:28]} 8. e5 {[%clk
01:32:18]} {[%emt 00:00:12]} Nd5 {[%clk 01:32:24]} {[%emt 00:00:15]} 9. Qg4
{[%clk 01:32:42]} {[%emt 00:00:07]} O-O {[%clk 01:32:01]} {[%emt 00:00:54]} 10.
Bh6 {[%clk 01:27:08]} {[%emt 00:06:04]} g6 {[%clk 01:30:42]} {[%emt 00:01:49]}
11. Bxf8 {[%clk 01:17:48]} {[%emt 00:09:50]} Bxf8 {[%clk 01:30:37]} {[%emt
00:00:34]} 12. Qg3 {[%clk 01:03:30]} {[%emt 00:14:49]} Bg7 {[%clk 01:27:23]}
{[%emt 00:03:44]} 13. Ne4 {[%clk 00:49:34]} {[%emt 00:14:26]} Qb6 {[%clk
01:12:49]} {[%emt 00:15:02]} 14. Rb1 {[%clk 00:43:43]} {[%emt 00:06:23]} Qd4
{[%clk 01:06:12]} {[%emt 00:07:07]} 15. Bd3 {[%clk 00:42:34]} {[%emt 00:01:39]}
Qxe5 {[%clk 00:58:13]} {[%emt 00:08:28]} 16. Qxe5 {[%clk 00:37:43]} {[%emt
00:05:22]} Bxe5 {[%clk 00:58:33]} {[%emt 00:00:10]} 17. g3 {[%clk 00:37:30]}
{[%emt 00:00:43]} Rb8 {[%clk 00:51:35]} {[%emt 00:07:28]} 18. c3 {[%clk
00:34:06]} {[%emt 00:03:54]} f5 {[%clk 00:48:34]} {[%emt 00:03:30]} 19. Nd2
{[%clk 00:33:21]} {[%emt 00:01:15]} Nb6 {[%clk 00:42:27]} {[%emt 00:06:37]} 20.
c4 {[%clk 00:24:29]} {[%emt 00:09:24]} Ba6 {[%clk 00:35:11]} {[%emt 00:07:45]}
21. b3 {[%clk 00:23:57]} {[%emt 00:01:03]} d5 {[%clk 00:26:54]} {[%emt
00:08:46]} 22. Ke2 {[%clk 00:23:55]} {[%emt 00:00:32]} Bd6 {[%clk 00:21:26]}
{[%emt 00:05:56]} 23. cxd5 {[%clk 00:15:08]} {[%emt 00:09:18]} Bxd3+ {[%clk
00:21:09]} {[%emt 00:00:47]} 24. Kxd3 {[%clk 00:15:23]} {[%emt 00:00:15]} cxd5
{[%clk 00:20:48]} {[%emt 00:00:52]} 25. f4 {[%clk 00:14:34]} {[%emt 00:01:19]}
Nd7 {[%clk 00:11:10]} {[%emt 00:10:08]} 26. b4 {[%clk 00:12:08]} {[%emt
00:02:56]} Nf6 {[%clk 00:09:32]} {[%emt 00:02:07]} 27. Rhc1 {[%clk 00:10:16]}
{[%emt 00:02:23]} Rb6 {[%clk 00:08:50]} {[%emt 00:01:12]} 28. Nf3 {[%clk
00:06:03]} {[%emt 00:04:43]} Ne4 {[%clk 00:08:22]} {[%emt 00:00:58]} 29. Nd4
{[%clk 00:06:04]} {[%emt 00:00:29]} e5 {[%clk 00:08:15]} {[%emt 00:00:37]} 30.
fxe5 {[%clk 00:06:10]} {[%emt 00:00:24]} Bxe5 {[%clk 00:08:27]} {[%emt
00:00:18]} 31. Nc6 {[%clk 00:06:20]} {[%emt 00:00:21]} Bf6 {[%clk 00:04:24]}
{[%emt 00:04:33]} 32. Nxa7 {[%clk 00:06:22]} {[%emt 00:00:28]} d4 {[%clk
00:04:28]} {[%emt 00:00:26]} 33. Rc6 {[%clk 00:02:48]} {[%emt 00:04:04]} Rb7
{[%clk 00:04:25]} {[%emt 00:00:33]} 34. Nc8 {[%clk 00:03:08]} {[%emt 00:00:10]}
Rd7 {[%clk 00:02:03]} {[%emt 00:02:51]} 35. Rb2 {[%clk 00:02:04]} {[%emt
00:01:36]} Bg5 {[%clk 00:00:55]} {[%emt 00:01:38]} 36. b5 {[%clk 00:01:46]}
{[%emt 00:00:48]} Be3 {[%clk 00:00:55]} {[%emt 00:00:30]} 37. b6 {[%clk
00:01:48]} {[%emt 00:00:28]} Nf2+ {[%clk 00:01:13]} {[%emt 00:00:12]} 38. Rxf2
{[%clk 00:00:42]} {[%emt 00:01:37]} Bxf2 {[%clk 00:01:33]} {[%emt 00:00:09]}
39. Rc7 {[%clk 00:00:45]} {[%emt 00:00:27]} 1-0

[Event "ODJM A 2024"]
[Site "Willingen GER"]
[Date "2024.05.19"]
[Round "1"]
[White "Gallasch, Robin"]
[Black "Direk, Oguzhan"]
[Result "1-0"]
[Termination "normal"]
[Board "6"]
[WhiteElo "2119"]
[BlackElo "1767"]
[WhiteClock "00:52:32"]
[BlackClock "00:52:05"]
[PlyCount "35"]
[WhiteFideId "16222423"]
[BlackFideId "16294343"]
[EventCountry "GER"]
[EventRounds "9"]
[EventType "swiss"]
[EventDate "2024.05.18"]

1. d4 {[%clk 01:30:22]} {[%emt 00:00:37]} d5 {[%clk 01:30:52]} {[%emt
00:00:09]} 2. c4 {[%clk 01:30:43]} {[%emt 00:00:10]} e6 {[%clk 01:31:15]}
{[%emt 00:00:07]} 3. Nf3 {[%clk 01:31:00]} {[%emt 00:00:12]} c6 {[%clk
01:31:38]} {[%emt 00:00:07]} 4. Qc2 {[%clk 01:31:16]} {[%emt 00:00:13]} f5
{[%clk 01:29:00]} {[%emt 00:03:09]} 5. Bf4 {[%clk 01:31:40]} {[%emt 00:00:05]}
Nf6 {[%clk 01:24:43]} {[%emt 00:04:47]} 6. e3 {[%clk 01:31:29]} {[%emt
00:00:42]} Be7 {[%clk 01:22:53]} {[%emt 00:02:19]} 7. Nc3 {[%clk 01:31:54]}
{[%emt 00:00:06]} O-O {[%clk 01:21:45]} {[%emt 00:01:37]} 8. Bd3 {[%clk
01:32:20]} {[%emt 00:00:04]} Ne4 {[%clk 01:16:18]} {[%emt 00:05:57]} 9. g4
{[%clk 01:31:59]} {[%emt 00:00:52]} a6 {[%clk 01:08:04]} {[%emt 00:08:43]} 10.
gxf5 {[%clk 01:24:06]} {[%emt 00:08:22]} exf5 {[%clk 01:07:58]} {[%emt
00:00:37]} 11. cxd5 {[%clk 01:23:36]} {[%emt 00:01:00]} cxd5 {[%clk 01:08:18]}
{[%emt 00:00:10]} 12. Nxd5 {[%clk 01:23:23]} {[%emt 00:00:43]} Qa5+ {[%clk
01:04:25]} {[%emt 00:04:23]} 13. Nc3 {[%clk 01:23:22]} {[%emt 00:00:31]} Bb4
{[%clk 01:03:06]} {[%emt 00:01:49]} 14. O-O {[%clk 01:12:44]} {[%emt 00:11:08]}
Bxc3 {[%clk 00:55:38]} {[%emt 00:07:57]} 15. bxc3 {[%clk 01:13:09]} {[%emt
00:00:06]} Nxc3 {[%clk 00:55:30]} {[%emt 00:00:38]} 16. Qb3+ {[%clk 00:54:17]}
{[%emt 00:19:22]} Kh8 {[%clk 00:54:13]} {[%emt 00:01:47]} 17. Rfc1 {[%clk
00:52:36]} {[%emt 00:02:10]} Ne4 {[%clk 00:52:05]} {[%emt 00:02:38]} 18. Bc7
{[%clk 00:52:32]} {[%emt 00:00:35]} 1-0